Comuni della Provincia di Macerata (con mappa) - Statistics

Statistiche generali
  • Questo quiz è stato fatto 25 volte
  • Il punteggio medio è 34 su 55
Risposte nella Mappa
Le risposte nella mappa del quiz sottostante sono codificate secondo una scala di colori dal rosso al verde in base alla % di persone che hanno risposto correttamente.
 
Statistiche sulle risposte
Risposta % Corretto
Macerata
100%
Civitanova Marche
93%
Matelica
86%
Porto Recanati
86%
Recanati
86%
Camerino
79%
Corridonia
79%
Potenza Picena
79%
San Severino Marche
79%
Belforte del Chienti
71%
Cingoli
71%
Gualdo
71%
Montecosaro
71%
San Ginesio
71%
Sarnano
71%
Tolentino
71%
Treia
71%
Ussita
71%
Visso
71%
Apiro
64%
Bolognola
64%
Castelsantangelo sul Nera
64%
Fiastra
64%
Morrovalle
64%
Urbisaglia
64%
Caldarola
57%
Castelraimondo
57%
Gagliole
57%
Montefano
57%
Montelupone
57%
Muccia
57%
Pieve Torina
57%
Pioraco
57%
Poggio San Vicino
57%
Ripe San Ginesio
57%
Sant'Angelo in Pontano
57%
Serravalle di Chienti
57%
Appignano
50%
Camporotondo di Fiastrone
50%
Cessapalombo
50%
Esanatoglia
50%
Fiuminata
50%
Loro Piceno
50%
Mogliano
50%
Monte Cavallo
50%
Monte San Giusto
50%
Serrapetrona
50%
Montecassiano
43%
Monte San Martino
43%
Penna San Giovanni
43%
Petriolo
43%
Pollenza
43%
Sefro
43%
Valfornace
43%
Colmurano
36%
Nessun quiz corrispondente trovato
Distribuzione punteggi
Percentuale di utenti per punteggio
Percentile per numero di risposta
I tuoi punteggi nel tempo
Non hai fatto questo quiz